General knowledge för KRISTINA GRANELLI #2 - Statistics

General Stats
  • This quiz has been taken 4 times
  • The average score is 16 of 30
Answer Stats
Hint Answer % Correct
Vad är huvudingrediensen i maträtten "Baba ganoush"? Aubergine
100%
Vilket språk pratas i centralamerikanska landet Belize? Engelska
100%
Vad kallas ett material som består av två eller fler olika metaller? Legering
100%
Vad heter regissören bakom "Lilja 4-ever" och "Fucking Åmål"? Lukas Moodysson
100%
Från vilken stad kommer Måns Zelmerlöw ifrån? Lund
100%
Vad kallas "Ismannen" som levde cirka 3300 f.kr. och vars kropp hittades förfrusen i alperna 1991 Ötzi
100%
Ola Lindholm, Rickard Olsson, Carolina Klyft har alla varit programledare för vilket tv-program? Wild Kids
100%
Vilket år bestegs Mount Everest för första gången? 1953
50%
Vad kallas en programmerad celldöd, där cellerna kontrolerat dör utan att skada vävnad i sin omgivning? Apoptos
50%
Vem uppfann åskledaren? Benjamin Franklin
50%
Vad heter grundaren och VD:n på spotify? Daniel Ek
50%
Vad heter "Myosotis scorpioides" på svenska? Förgätmigej
50%
Vem spelar "Ragge" i Ronny och Ragge? Fredde Granberg
50%
Medusa kunde göra människor till sten genom att titta på dem, men vad kallas det hon var? Gorgon
50%
Vad heter Björn Ferrys armbrytande fru? Heidi Andersson
50%
Vad beslutade Liberalernas ungdomsförbund på sitt årsmöte år 2016 att de kontroversiellt nog ville tillåta?(Säg en av två) Incest Nekrofili
50%
Vad förknippas med märkena "Salming" "Oxdog" och "Zone" Innebandy
50%
Vad heter skådespelaren som spelar "Joker" i Rederiet? Johannes Brost
50%
Vad betyder det indiska ordet "masala" som har koppling till matlagning? Kryddblandning
50%
Vad heter staden man flyger till ifall man ska resa till Ayia Napa? Larnaca
50%
Vem var premiärminister i Storbritannien ynka 49 dagar innan sin avgång 2022? Liz Truss
50%
Vad heter artisten som under 20-talet slagit igenom med låtarna "Drivers license" och "Good 4 u"? Olivia Rodrigo
50%
Från vilket land kommer bilmärket Dacia ifrån? Rumänien
50%
Vem populariserade termen förlossningskonst? (OBS! Det är inte en barnmorska) Sokrates
50%
Vad kallas de prickarna som finns i toppen av bokstäverna "Ä" "Ö" och "Ü"? Umlaut
50%
Vilket vanligt besvär behandlar läkemedlen bensoylperoxid och Isotretinoin? Akne
0%
Vad heter skådespelaren som spelar "Salim" i Snabba Cash? Alexander Abdallah
0%
Vad kallas en "Antropofag" i folkmun? Kannibal
0%
Vad heter världsrekordinnehavaren som tragiskt omkom i en bilolycka 23 år gammal år 2024? Kelvin Kiptum
0%
Vad har Eric Saade, John Lundvik och Benjamin Ingrosso alla vunnit? Lets Dance
0%
No matching quizzes found
Score Distribution
Percent of People with Each Score
Percentile by Number Answered
Your Score History
You have not taken this quiz